[Event "Oregon-ch"]
[Site "Portland"]
[Date "2020.02.16"]
[Round "8"]
[White "Haessler, Carl A"]
[Black "Zavortink, Matt B"]
[Result "0-1"]
[WhiteElo "2016"]
[BlackElo "2166"]
[PlyCount "72"]
[EventDate "2020.02.08"]
[EventType "tourn"]
[EventRounds "9"]
[EventCountry "USA"]
[SourceTitle "CBM 195 Extra"]
[Source "ChessBase"]
[SourceDate "2020.05.31"]
[SourceVersion "1"]
[SourceVersionDate "2020.05.31"]
[SourceQuality "1"]

1. e4 e6 2. Nf3 d5 3. Nc3 Nf6 4. e5 Nfd7 5. g3 c5 6. Bg2 Nc6 7. 0-0 g5 8. d4 g4 9. Ng5 cxd4 10. Nxd5 Ndxe5 11. Re1 exd5 12. f4 Be7 13. fxe5 Bxg5 14. e6 Bxe6 15. Qxg4 Be3+ 16. Rxe3 dxe3 17. Qg7 Rf8 18. Bxe3 Qe7 19. Qxh7 0-0-0 20. Qd3 Qb4 21. b3 Ne5 22. Qf1 Kb8 23. Rd1 Ka8 24. Bd4 f6 25. c3 Qe7 26. a4 Rh8 27. a5 a6 28. b4 Bd7 29. Bc5 Qh7 30. h4 Qg6 31. Rxd5 Bc6 32. c4 Qxg3 33. b5 axb5 34. Qxf6 Bxd5 35. cxd5 Rhg8 36. Qf1 Nf3+ 0-1

[Event "Oregon-ch"]
[Site "Portland"]
[Date "2018.09.23"]
[Round "9"]
[White "Haessler, Carl A"]
[Black "McCoy, Owen"]
[Result "1/2-1/2"]
[WhiteElo "2200"]
[BlackElo "2203"]
[PlyCount "74"]
[EventDate "2018.09.14"]
[EventType "tourn"]
[EventRounds "9"]
[EventCountry "USA"]
[SourceTitle "EXT 2024"]
[Source "ChessBase"]
[SourceDate "2023.10.10"]
[SourceVersion "1"]
[SourceVersionDate "2023.10.10"]
[SourceQuality "1"]

1. e4 c5 2. Na3 Nc6 3. Bb5 Qc7 4. Nf3 Nf6 5. Qe2 a6 6. Bxc6 Qxc6 7. d3 e6 8. 0-0 Be7 9. Bg5 h6 10. Bh4 g5 11. Ne5 Qc7 12. Bg3 d6 13. Nec4 e5 14. c3 b5 15. Ne3 Be6 16. Nf5 Bxf5 17. exf5 Qd7 18. d4 cxd4 19. cxd4 e4 20. f4 g4 21. Nc2 h5 22. Bh4 d5 23. Ne3 Ng8 24. Qf2 f6 25. a4 b4 26. Rfc1 Nh6 27. b3 Nxf5 28. Nxf5 Qxf5 29. Rc6 Kf7 30. Rac1 Rhc8 31. Qc2 Rxc6 32. Qxc6 Ra7 33. Bg3 e3 34. Qc2 Kg6 35. Qc6 Kf7 36. Qc2 Kg6 37. Qc6 Kf7 1/2-1/2

[Event "Oregon-ch"]
[Site "Portland"]
[Date "2017.02.20"]
[Round "9"]
[White "Zavortink, Matt B"]
[Black "Haessler, Carl A"]
[Result "1-0"]
[WhiteElo "1979"]
[BlackElo "2139"]
[PlyCount "45"]
[EventDate "2017.02.11"]
[EventType "tourn"]
[EventRounds "9"]
[EventCountry "USA"]
[SourceTitle "EXT 2024"]
[Source "ChessBase"]
[SourceDate "2023.10.10"]
[SourceVersion "1"]
[SourceVersionDate "2023.10.10"]
[SourceQuality "1"]

1. d4 c5 2. c3 Qc7 3. e4 e6 4. Nf3 b6 5. Bd3 Ba6 6. 0-0 Bxd3 7. Qxd3 Nc6 8. d5 Ne5 9. Nxe5 Qxe5 10. Nd2 Nf6 11. Re1 exd5 12. Nf3 dxe4 13. Nxe5 exd3 14. Ng6+ Be7 15. Nxe7 Kf8 16. Bf4 Ne8 17. c4 f6 18. Rad1 d6 19. Rxd3 Rd8 20. Nf5 Kf7 21. Re7+ Kg6 22. g4 h6 23. Rxa7 1-0

[Event "US Open-116"]
[Site "Phoenix"]
[Date "2015.08.08"]
[Round "8"]
[White "Homa, Seth"]
[Black "Haessler, Carl A"]
[Result "1-0"]
[WhiteElo "2381"]
[BlackElo "2141"]
[PlyCount "89"]
[EventDate "2015.08.01"]
[EventType "swiss"]
[EventRounds "9"]
[EventCountry "USA"]
[SourceTitle "CBM 167 Extra"]
[Source "ChessBase"]
[SourceDate "2015.09.14"]
[SourceVersion "1"]
[SourceVersionDate "2015.09.14"]
[SourceQuality "1"]

1. e4 e5 2. Nf3 d6 3. d4 exd4 4. Nxd4 g6 5. Nc3 Bg7 6. Be3 Nf6 7. Qd2 0-0 8. 0-0-0 a6 9. f3 b5 10. Bh6 Bxh6 11. Qxh6 b4 12. Nd5 c5 13. Nf5 Bxf5 14. exf5 Nxd5 15. Rxd5 Qe7 16. Bc4 Nd7 17. fxg6 hxg6 18. Rg5 Ne5 19. Rxg6+ Nxg6 20. Qxg6+ Kh8 21. Qh6+ Kg8 22. Bd3 f6 23. Bc4+ Rf7 24. Qg6+ Kf8 25. Qh6+ Kg8 26. Qg6+ Kf8 27. Bxf7 Qxf7 28. Qxf7+ Kxf7 29. Kd2 a5 30. h4 Kg6 31. Re1 d5 32. Re6 Kf5 33. Rc6 c4 34. c3 a4 35. g4+ Kf4 36. Rxf6+ Kg3 37. cxb4 a3 38. Kc2 axb2 39. Kxb2 d4 40. Rd6 d3 41. Kc3 Rc8 42. g5 Kxf3 43. g6 Kg4 44. g7 Kh5 45. a4 1-0

[Event "Oregon-ch"]
[Site "Portland"]
[Date "2015.02.08"]
[Round "4"]
[White "Grabinsky, Aaron"]
[Black "Haessler, Carl A"]
[Result "1-0"]
[WhiteElo "2147"]
[BlackElo "2164"]
[PlyCount "73"]
[EventDate "2015.02.07"]
[EventType "tourn"]
[EventRounds "9"]
[EventCountry "USA"]
[SourceTitle "EXT 2017"]
[Source "ChessBase"]
[SourceDate "2016.10.25"]
[SourceVersion "1"]
[SourceVersionDate "2016.10.25"]
[SourceQuality "1"]

1. e4 e5 2. Nf3 Nc6 3. d4 exd4 4. Bc4 Be7 5. c3 d3 6. Qb3 Na5 7. Bxf7+ Kf8 8. Qa4 Kxf7 9. Qxa5 c6 10. Qxd8 Bxd8 11. Ne5+ Ke6 12. Nxd3 b6 13. b3 Nf6 14. 0-0 Re8 15. e5 Nd5 16. c4 Ne7 17. Nd2 Bc7 18. Nf3 h6 19. Bf4 c5 20. Bg3 g5 21. h4 Rg8 22. b4 Bb7 23. hxg5 Bxf3 24. gxf3 cxb4 25. Nxb4 Rxg5 26. f4 Rg4 27. Kg2 Rag8 28. Kf3 Nf5 29. Rh1 Bd8 30. Nd5 b5 31. Rh3 Bb6 32. Nf6 Rxg3+ 33. fxg3 Rc8 34. cxb5 Rc3+ 35. Kg4 h5+ 36. Kxh5 Nxg3+ 37. Kg4 1-0

[Event "US Open-115"]
[Site "Orlando"]
[Date "2014.07.31"]
[Round "6"]
[White "Perrine, Dalton"]
[Black "Haessler, Carl A"]
[Result "0-1"]
[WhiteElo "2308"]
[BlackElo "2137"]
[PlyCount "78"]
[EventDate "2014.07.26"]
[EventType "swiss"]
[EventRounds "9"]
[EventCountry "USA"]
[SourceTitle "CBM 161 Extra"]
[Source "ChessBase"]
[SourceDate "2014.08.29"]
[SourceVersion "1"]
[SourceVersionDate "2014.08.29"]
[SourceQuality "1"]

1. d4 d5 2. c4 Bf5 3. Nc3 e6 4. Nf3 c6 5. e3 Nd7 6. Be2 Bd6 7. Qb3 Rb8 8. Bd2 Ngf6 9. h3 h6 10. Rc1 g5 11. Na4 Qe7 12. c5 Bc7 13. Qd1 Bg6 14. b4 Ne4 15. Nb2 e5 16. Nd3 Nxd2 17. Nxd2 exd4 18. Nf1 dxe3 19. Nxe3 0-0 20. 0-0 f5 21. Nc2 Qf6 22. f4 Rbe8 23. Qd2 Rf7 24. g3 Rfe7 25. Bf3 Bf7 26. Qf2 Qg6 27. Kh1 g4 28. Bd1 gxh3 29. g4 fxg4 30. f5 Qf6 31. Bxg4 Ne5 32. Nxe5 Rxe5 33. Qg3 Kh7 34. Bxh3 d4 35. Nxd4 Re3 36. Qxc7 Rxh3+ 37. Kg2 Rh5 38. Rf4 Qg5+ 39. Kf2 Rh2+ 0-1

[Event "US Open-115"]
[Site "Orlando"]
[Date "2014.07.30"]
[Round "5"]
[White "Haessler, Carl A"]
[Black "Strickland, Wayne"]
[Result "1-0"]
[WhiteElo "2137"]
[BlackElo "1906"]
[PlyCount "75"]
[EventDate "2014.07.26"]
[EventType "swiss"]
[EventRounds "9"]
[EventCountry "USA"]
[SourceTitle "CBM 161 Extra"]
[Source "ChessBase"]
[SourceDate "2014.08.29"]
[SourceVersion "1"]
[SourceVersionDate "2014.08.29"]
[SourceQuality "1"]

1. e4 e5 2. Bc4 Nf6 3. d3 Nc6 4. c3 Bc5 5. Nf3 0-0 6. 0-0 d6 7. Bb3 h6 8. Nbd2 Be6 9. Nc4 Kh8 10. d4 Bxc4 11. Bxc4 Bb6 12. Re1 Qe7 13. d5 Nb8 14. Nh4 Ng8 15. Qg4 g6 16. Be3 Nd7 17. Rad1 Ndf6 18. Qh3 Qd7 19. Qg3 Qg4 20. Qxg4 Nxg4 21. Bxb6 axb6 22. Rd3 h5 23. g3 Ne7 24. h3 Nh6 25. f4 f6 26. Nf3 Nf7 27. fxe5 Nxe5 28. Nxe5 fxe5 29. Rf1 Rxf1+ 30. Kxf1 Rf8+ 31. Ke2 Kg7 32. Bb5 g5 33. Bd7 Ng6 34. c4 h4 35. Bf5 hxg3 36. Rxg3 Nf4+ 37. Kd2 Rh8 38. Rxg5+ 1-0

[Event "Kuala Lumpur op 5th"]
[Site "Kuala Lumpur"]
[Date "2008.08.19"]
[Round "3"]
[White "Yu, Lie"]
[Black "Haessler, Carl A"]
[Result "1-0"]
[WhiteElo "2377"]
[BlackElo "2147"]
[PlyCount "97"]
[EventDate "2008.08.18"]
[EventType "swiss"]
[EventRounds "11"]
[EventCountry "MAS"]
[SourceTitle "CBM 126 Extra"]
[Source "ChessBase"]
[SourceDate "2008.11.05"]
[SourceVersion "1"]
[SourceVersionDate "2008.11.05"]
[SourceQuality "1"]

1. e4 c6 2. d4 d5 3. e5 Bf5 4. Nd2 e6 5. Nb3 f6 6. f4 Nh6 7. Nf3 Be7 8. Be2 0-0 9. 0-0 b6 10. c4 Nd7 11. Kh1 dxc4 12. Bxc4 b5 13. Bd3 Nb6 14. Bxf5 Nxf5 15. g4 Nh6 16. exf6 gxf6 17. Qe2 Qd5 18. f5 Nxg4 19. h3 exf5 20. Qxe7 Rae8 21. Qc5 Qe4 22. hxg4 fxg4 23. Nbd2 Qe2 24. Ng1 Qd3 25. Qf5 Qxd4 26. Rf4 Qd5+ 27. Qxd5+ Nxd5 28. Rxg4+ Kf7 29. Ndf3 c5 30. Rh4 Kg6 31. Rh6+ Kg7 32. Rh5 f5 33. Bh6+ Kg6 34. Bxf8 Kxh5 35. Bxc5 a5 36. Rd1 Nf4 37. Rd2 Rc8 38. Bd6 Ne6 39. Re2 Ng7 40. Ne5 Ne6 41. Be7 Kh6 42. Bf6 Nf4 43. Rf2 Nh5 44. Bh4 f4 45. Rg2 Ng3+ 46. Bxg3 fxg3 47. Rxg3 b4 48. Ngf3 Rf8 49. Rg5 1-0

[Event "Sydney op-A"]
[Site "Parramatta"]
[Date "2008.03.28"]
[Round "7"]
[White "Solomon, Stephen J"]
[Black "Haessler, Carl A"]
[Result "1-0"]
[WhiteElo "2468"]
[BlackElo "2147"]
[PlyCount "71"]
[EventDate "2008.03.25"]
[EventType "swiss"]
[EventRounds "9"]
[EventCountry "AUS"]
[SourceTitle "CBM 123 Extra"]
[Source "ChessBase"]
[SourceDate "2008.05.06"]
[SourceVersion "1"]
[SourceVersionDate "2008.05.06"]
[SourceQuality "1"]

1. e4 c6 2. d4 d5 3. Nd2 dxe4 4. Nxe4 Nf6 5. Nxf6+ gxf6 6. c3 Bf5 7. Nf3 e6 8. g3 Bg4 9. h3 Bh5 10. Bg2 Bd6 11. 0-0 Nd7 12. c4 Rg8 13. Kh1 Qe7 14. c5 Bc7 15. b4 a6 16. Qd3 f5 17. Bd2 Rd8 18. Rae1 Nf6 19. Ne5 Nd5 20. a4 Bg6 21. f4 Bh5 22. b5 f6 23. Nc4 axb5 24. axb5 Kf7 25. b6 Bb8 26. Kh2 Qd7 27. Rf2 Rg6 28. Bf3 Bxf3 29. Qxf3 Rdg8 30. Rg2 Ne7 31. Be3 Rh6 32. Rge2 Ng6 33. Bf2 Nf8 34. Ra2 Ke7 35. Ra8 Qe8 36. Nd6 1-0